[Event "KEN-ch"]
[Site "Nairobi"]
[Date "2022.12.26"]
[Round "2"]
[White "Sadam, Ali Sheikh"]
[Black "Gisore, Daniel"]
[Result "0-1"]
[WhiteElo "1545"]
[BlackElo "1776"]
[PlyCount "53"]
[EventDate "2022.12.26"]
[EventType "swiss"]
[EventRounds "9"]
[EventCountry "KEN"]
[SourceTitle "EXT 2024"]
[Source "ChessBase"]
[SourceDate "2023.10.10"]
[SourceVersion "1"]
[SourceVersionDate "2023.10.10"]
[SourceQuality "1"]

1. d4 g6 2. Bf4 d6 3. e4 Bg7 4. Nc3 Nd7 5. Nf3 c5 6. d5 Ngf6 7. Qd2 h5 8. Be2 a6 9. h3 b5 10. a3 Qa5 11. Rb1 b4 12. Nd1 Nxe4 13. Qd3 bxa3+ 14. Bd2 Nxd2 15. Qxd2 Qxd2+ 16. Nxd2 axb2 17. Nxb2 0-0 18. 0-0 Nb6 19. c4 Bf5 20. Bd3 Bd7 21. Rfe1 Bc3 22. Re2 Bb4 23. Nf1 Rfe8 24. Ne3 a5 25. g4 hxg4 26. hxg4 a4 27. f3 0-1

[Event "KEN-chT"]
[Site "Nairobi"]
[Date "2019.04.13"]
[Round "9.2"]
[White "Gisore, Daniel"]
[Black "Mulindi, Trevor"]
[Result "0-1"]
[WhiteElo "1814"]
[BlackElo "1700"]
[PlyCount "60"]
[EventDate "2019.02.09"]
[EventType "team-tourn"]
[EventRounds "27"]
[EventCountry "KEN"]
[SourceTitle "CBM 192 Extra"]
[Source "Chessbase"]
[SourceDate "2019.11.06"]
[SourceVersion "1"]
[SourceVersionDate "2019.11.06"]
[SourceQuality "1"]
[WhiteTeam "Eastlands"]
[BlackTeam "Black Knights"]
[WhiteTeamCountry "KEN"]
[BlackTeamCountry "KEN"]

1. e4 d5 2. e5 c5 3. d4 Bf5 4. Nf3 e6 5. Bb5+ Nc6 6. c3 Qb6 7. Qa4 a6 8. Na3 Rc8 9. Be2 Bg6 10. 0-0 cxd4 11. cxd4 Bb4 12. Be3 Nge7 13. Rac1 0-0 14. Nc2 Ba5 15. b3 Nf5 16. a3 Nxe3 17. fxe3 Bc3 18. Nce1 Bxe1 19. Nxe1 Nxd4 20. Rxc8 Nxe2+ 21. Kf2 Rxc8 22. Kxe2 h6 23. Rf4 Rc3 24. Rd4 Rxb3 25. Rb4 Qxe3+ 26. Kf1 Rxa3 27. Qd1 Ra2 28. Qf3 Bd3+ 29. Nxd3 Ra1+ 30. Ne1 Rxe1# 0-1